|
|
|
|
| LEADER |
02513nam a2200469 a 4500 |
| 001 |
mzk03001190164 |
| 003 |
CZ BrMZK |
| 005 |
20260527164057.0 |
| 007 |
ta |
| 008 |
130603s1578 be f |||| 0 lat d |
| 040 |
|
|
|a BOA001
|b cze
|
| 072 |
|
7 |
|a 2-1
|x Přirozená teologie. Náboženská filozofie
|2 Konspekt
|9 5
|
| 072 |
|
7 |
|a 094
|x Staré tisky
|2 Konspekt
|9 12
|
| 080 |
|
|
|a 2-1
|2 MRF
|
| 080 |
|
|
|a 2-284
|2 MRF
|
| 080 |
|
|
|a 025.171
|2 MRF
|
| 080 |
|
|
|a (0.068)094
|2 MRF
|
| 100 |
0 |
|
|a Jan Kassián,
|c svatý,
|d asi 360-asi 435
|7 js20020318010
|4 aut
|
| 245 |
1 |
0 |
|a DIOANNIS CASSIANI EREMITAE, Monasticarum Institutionum libri IIII. De Capitalibus vitiis libri VIII. Collationes SS. Patrum XXIIII. De Verbi Incarnatione libri VII. Nunc demum post varias editiones ad complurium MS. fidem a non paucis mendarum milibus incredibili labore expurgati: id quod ex subiectis ad calcem castigationibus facile cognosti poterit: Additis eriam ad quaedam loca Censorijs notationibus, & obscurarum vocum ac sententiarum elucidatione, vna cum duobus Indicibus locupletissimis. Accesserunt quoque Regule SS. Patrum ex antiquissimo Affiginiensis monasterij Ms. codice desumptae /
|c opera & studio Henrici Cuyckij Sacrae Theologiae Licentiati
|
| 260 |
|
|
|a Antverpiae :
|b ex officina Christophori Plantini Architypographi Regij,
|c 1578
|
| 300 |
|
|
|a 606 s. ;
|c 8°
|
| 500 |
|
|
|a Výzdoba: Viněta nad impresem (pravděpodobně signet tiskaře), iniciály
|
| 510 |
4 |
|
|a Dokoupil, V. Soupisy tisků 16. století z fondů Universitní knihovny v Brně, sv. 2 Tisky ... v Rajhradě;
|c 223
|
| 561 |
|
|
|a Provenience: Exlibris se studujícím mnichem
|
| 561 |
|
|
|a Provenience: [m.p.] Monasterij SS. Apostolorum Petri et Pauli Raygrad
|
| 563 |
|
|
|a Pergamenová vazba, zachovány dvě kovové spony, modrá ořízka
|
| 650 |
|
7 |
|a teologie
|7 ph116425
|2 czenas
|
| 650 |
|
7 |
|a dogmatika
|7 ph114335
|2 czenas
|
| 650 |
|
7 |
|a historické knihovní fondy
|7 ph172933
|2 czenas
|
| 655 |
|
7 |
|a staré tisky
|7 fd422076
|2 czenas
|
| 700 |
1 |
|
|a Cuyck, Hendrik van,
|d 1546-1609
|7 nlk20010096206
|4 aut
|
| 856 |
4 |
1 |
|u https://imageserver.mzk.cz/mzk03/001/190/164/328100210294.titul
|y Digitalizovaný dokument
|
| 903 |
|
|
|a RP
|
| 910 |
|
|
|e BOE950
|c R - F. I. f. 8
|
| 978 |
|
|
|b Plantin, Christoph - dílna
|a Antwerpen
|c 1578
|
| 982 |
0 |
|
|a Rajhrad - benediktinský klášter
|
| 984 |
|
|
|a Antverpy
|b Belgie
|
| 985 |
|
|
|a 1551-1600
|
| 990 |
|
|
|a BK
|
| 996 |
|
|
|e BOE950
|c R - F. I. f. 8
|
| 991 |
|
|
|k rajhrad
|
| 980 |
|
|
|c 210294
|g R - F. I. f. 8
|1 328100210294
|p N. 1549
|